|
|
|
|
| LEADER |
00000naa a2200000 ar4500 |
| 001 |
vtls009086170 |
| 003 |
SK-MaSNL |
| 005 |
20260302100429.0 |
| 008 |
070809c2006 xo |||| ||| 000 b|slo |
| 015 |
|
|
|a SNBRA2007/08
|2 snkbucl
|
| 038 |
|
|
|a SNKBUCL
|
| 040 |
|
|
|a SNKBUCL
|b slo
|c SNKBUCL
|e AACR2
|
| 041 |
0 |
|
|a slo
|
| 044 |
|
|
|a xo
|c SK
|
| 080 |
|
|
|a 82.033:821.162.4-31
|2 2001
|
| 080 |
|
|
|a 821.162.4-31.033
|2 2001
|
| 080 |
|
|
|a 82:929:821.162.4
|2 2001
|
| 080 |
|
|
|a 82.0:82-1/-9
|2 2001
|
| 080 |
|
|
|a 821.162.4-312.6.033
|2 2001
|
| 100 |
1 |
|
|a Palaščáková, Magdaléna
|4 aut
|9 770477
|
| 245 |
1 |
0 |
|a Biografia alebo generačný román? - F. Hečko: Červené víno
|c Magdaléna Palaščáková
|
| 504 |
|
|
|a Bibliogr. odkazy
|
| 600 |
1 |
7 |
|a Hečko, František,
|d 1905-1960
|t Červené víno
|2 snkbucl
|9 99150
|
| 773 |
0 |
|
|t Slovo o slove : zborník Katedry komunikačnej a literárnej výchovy Pedagogickej fakulty Prešovskej univerzity. Ročník 12
|d Prešov : Prešovská univerzita, 2006
|g S. 231-235
|z 808068491X
|
| 852 |
|
|
|a SNK
|b KIS3GCP
|
| 958 |
|
|
|a NB
|
| 958 |
|
|
|a LX
|
| 958 |
|
|
|a SK
|
| 999 |
|
|
|c 1220082
|d 1222012
|